UM Logo
Normal view MARC view
  • Multisensor data fusion.

Entry Topical Term

Number of records used in: 1

001 - CONTROL NUMBER

  • control field: 51797

003 - CONTROL NUMBER IDENTIFIER

  • control field: OSt

005 - DATE AND TIME OF LATEST TRANSACTION

  • control field: 20240207135520.0

008 - FIXED-LENGTH DATA ELEMENTS

  • fixed length control field: 240207|| aca||aabn | a|a d

040 ## - CATALOGING SOURCE

  • Original cataloging agency: OSt
  • Transcribing agency: OSt

150 ## - HEADING--TOPICAL TERM

  • Topical term or geographic name entry element: Multisensor data fusion.

670 ## - SOURCE DATA FOUND

  • Source citation: Work cat.: (OSt)0: Liu, Xinghua (Professor), author. 51796, Multimodal perception and secure state estimation for robotic mobility platforms /, [2023].